| 000 | 00932nam a2200301 i 4500 | ||
|---|---|---|---|
| 003 | EG-ScBUE | ||
| 005 | 20260510110100.0 | ||
| 008 | 200219t2026 paua f 001 0 eng d | ||
| 020 | _a9780443118814 | ||
| 040 |
_aEG-ScBUE _beng _erda _cEG-ScBUE _dEG-ScBUE |
||
| 082 | 0 | 4 |
_222 _a615.7042 _bPHA |
| 245 | 0 | 0 |
_aPharmacovigilance : _ba practical approach / _cThao Doan [and four others] |
| 250 | _aSecond edition. | ||
| 264 | 1 |
_aPhiladelphia, PA : _bElsevier, _c[2026] |
|
| 264 | 4 | _cc2026 | |
| 300 |
_axviii, 289 pages : _bcolor illustrations ; _c26 cm |
||
| 336 |
_2rdacontent _atext _btxt |
||
| 337 |
_2rdamedia _aunmediated _bn |
||
| 338 |
_2rdacarrier _avolume _bnc |
||
| 500 | _aIncludes index. | ||
| 650 | 7 |
_2BUEsh _aPharmacovigilance. |
|
| 650 | 7 |
_2BUEsh _aPharmacoepidemiology. |
|
| 653 |
_cMay2026 _bPPhrm |
||
| 655 | _vReading book | ||
| 700 | 1 |
_aDoan, Thao, _eauthor. |
|
| 942 |
_2ddc _cBB |
||
| 999 |
_c31205 _d31176 |
||